000 01354nam a22003497a 4500
003 EG-GICUC
005 20260508194340.0
008 260508s1996 ua |||fr|||| 00| 0 ara d
040 _a EG-GICUC
_bara
_c EG-GICUC
_d EG-GICUC
_erda
041 _aara
082 0 4 _221
_a343.1
_bا ح . و
092 0 4 _221
099 _aLaw1 10 343.1 1996 أ ح . و
100 0 _aأحمد فتحى سرور .
_eAuthor.
245 _aالوسيط فى قانون العقوبات :
_b(القسم العام )
_cتأليف دكتور أحمد فتحى سرور .
250 _aالطبعة السادسة
264 1 _aالقاهرة :
_bدار النهضة العربية ,
_c1996.
264 3 _bدار الطباعة الحديثة
300 _a680 صفحة;
_c24 سم.
_bإيضاحيات، صور، مثيليات ؛
336 _2rda content
_atext
337 _2rda media
_aComputer
338 _2rda carrier
_aOnline Resource
500 _aإهداء من حسن على
504 _a. 240-220 ببليوجرافيا: صفحات.
546 _aالنص باللغة العربية
650 1 _aقانون العقوبات - القسم العام
_2qrmak
650 1 _aالقانون الجنائى
_2qrmak
651 1 _2qrmak
856 4 0 _uhttps://fll.law.cu.edu.eg/fulltext/bks/B10-12091.pdf
905 _a54
942 _2ddc
_cBK
_e21
_n0
999 _c76333
_d76333